Fitting. (Record no. 1823)

MARC details
000 -LEADER
fixed length control field 00324nam a22001217a 4500
005 - DATE AND TIME OF LATEST TRANSACTION
control field 20200903160238.0
008 - FIXED-LENGTH DATA ELEMENTS--GENERAL INFORMATION
fixed length control field 200903b ||||| |||| 00| 0 eng d
020 ## - INTERNATIONAL STANDARD BOOK NUMBER
International Standard Book Number 043542890x
040 ## - CATALOGING SOURCE
Transcribing agency CML
245 ## - TITLE STATEMENT
Title Fitting.
260 ## - PUBLICATION, DISTRIBUTION, ETC.
Place of publication, distribution, etc. Great Britain
Name of publisher, distributor, etc. Biddles Ltd
Date of publication, distribution, etc. 1971
942 ## - ADDED ENTRY ELEMENTS (KOHA)
Source of classification or shelving scheme Dewey Decimal Classification
Koha item type Books
Edition 1st Edition
Classification part 646
Call number suffix TUI
Holdings
Withdrawn status Lost status Source of classification or shelving scheme Damaged status Not for loan Collection code Home library Current library Shelving location Date acquired Total Checkouts Full call number Date last seen Copy number Price effective from Koha item type
    Dewey Decimal Classification     Technology (Applied Sciences) Chalimbana Main Library Chalimbana Main Library Technology (Applied Sciences) 09/03/2020   646.4 TUI 09/03/2020 1 09/03/2020 Books

Powered by Koha